| 000 | 00482nam a22001817a 4500 | ||
|---|---|---|---|
| 003 | CEME | ||
| 005 | 20210628210620.0 | ||
| 008 | 210210b xxu||||| |||| 00| 0 eng d | ||
| 020 | _a0-395-75579-4 | ||
| 040 | _c. | ||
| 082 | _a512 AUF | ||
| 100 |
_aBarker, Vernon.C Aufmann, Richard.N Lockwood, Joanne.S _980188 |
||
| 245 | _aAlgebra introductory and intermediate | ||
| 260 |
_aBOSTAN _bHOUGHTON MIFFLIN _c1996 |
||
| 300 | _a760P | ||
| 650 |
_aALGEBRA _98509 |
||
| 942 |
_cBK _2ddc |
||
| 999 |
_c585148 _d585148 |
||